[Event "Konnerud NGP"]
[Site "Konnerud"]
[Date "2019.11.24"]
[Round "4"]
[White "Sateren, Erlend"]
[Black "Skauen, Thomas Kirkholm"]
[Result "1-0"]
[WhiteElo "1447"]
[BlackElo "1439"]
[PlyCount "67"]
[EventDate "2019.11.23"]
[EventType "swiss"]
[EventRounds "5"]
[EventCountry "NOR"]
[SourceTitle "EXT 2024"]
[Source "ChessBase"]
[SourceDate "2023.10.10"]
[SourceVersion "1"]
[SourceVersionDate "2023.10.10"]
[SourceQuality "1"]

1. e4 e5 2. Nf3 Nc6 3. Bc4 Bc5 4. 0-0 Nf6 5. d4 Bxd4 6. Nxd4 Nxd4 7. f4 d6 8. Nc3 Qe7 9. Be3 Nc6 10. f5 b6 11. Bg5 Bb7 12. Nd5 Qd8 13. Bxf6 gxf6 14. Qg4 Na5 15. Qg7 Rf8 16. Nxf6+ Ke7 17. Bd3 Rh8 18. Nxh7 Qg8 19. Qg5+ Qxg5 20. Nxg5 Rag8 21. Nf3 Rg4 22. Nd2 Bc6 23. Be2 Rgh4 24. h3 Nb7 25. Bg4 Nc5 26. Rfe1 Nd7 27. Kf2 Nf6 28. Bf3 Rg8 29. Re3 Rh7 30. Rc3 Kd7 31. Rd1 Rh4 32. Re3 Rh7 33. Nc4 Rh4 34. Nxe5+ 1-0

[Event "Konnerud NGP"]
[Site "Konnerud"]
[Date "2019.11.23"]
[Round "2"]
[White "Haug, Havard"]
[Black "Skauen, Thomas Kirkholm"]
[Result "1-0"]
[WhiteElo "1544"]
[BlackElo "1439"]
[PlyCount "121"]
[EventDate "2019.11.23"]
[EventType "swiss"]
[EventRounds "5"]
[EventCountry "NOR"]
[SourceTitle "EXT 2024"]
[Source "ChessBase"]
[SourceDate "2023.10.10"]
[SourceVersion "1"]
[SourceVersionDate "2023.10.10"]
[SourceQuality "1"]

1. e4 e5 2. Nf3 Nc6 3. Bc4 Bc5 4. 0-0 Nf6 5. d3 d6 6. c3 Bg4 7. Nbd2 Qd7 8. Re1 Ne7 9. Nf1 Ng6 10. h3 Be6 11. Bb3 h6 12. d4 Bxb3 13. axb3 Bb6 14. Ng3 0-0 15. dxe5 dxe5 16. Be3 Bxe3 17. fxe3 Rfd8 18. Qxd7 Rxd7 19. Red1 a6 20. Kf2 Rad8 21. Ke2 Kf8 22. b4 Rxd1 23. Rxd1 Rxd1 24. Kxd1 Nd7 25. Nf5 Ne7 26. Ke2 f6 27. Kd3 b5 28. g4 c5 29. Nxe7 Kxe7 30. Nh4 cxb4 31. cxb4 Nb6 32. b3 Nc8 33. Nf5+ Kf7 34. h4 Kg6 35. Kc3 Kh7 36. Kd2 g6 37. Ng3 Kg7 38. Ne2 Nb6 39. Nc3 Kf7 40. Nd5 Nxd5 41. exd5 e4 42. Kc3 f5 43. gxf5 gxf5 44. Kd4 Kf6 45. d6 Ke6 46. d7 Kxd7 47. Ke5 Kc6 48. Kxf5 Kd5 49. h5 Kd6 50. Kxe4 Ke6 51. Kf4 Kf6 52. e4 Ke6 53. e5 Kd5 54. Kf5 Kd4 55. e6 Kc3 56. e7 Kxb3 57. e8Q Kxb4 58. Qe4+ Kb3 59. Qd3+ Ka4 60. Ke4 b4 61. Kd4 1-0

[Event "Stjernen NGP B"]
[Site "Oslo"]
[Date "2018.06.10"]
[Round "5"]
[White "Schouten, Ken Ronny"]
[Black "Skauen, Thomas Kirkholm"]
[Result "1-0"]
[WhiteElo "1259"]
[BlackElo "1331"]
[PlyCount "47"]
[EventDate "2018.06.08"]
[EventType "swiss"]
[EventRounds "6"]
[EventCountry "NOR"]
[SourceTitle "EXT 2024"]
[Source "ChessBase"]
[SourceDate "2023.10.10"]
[SourceVersion "1"]
[SourceVersionDate "2023.10.10"]
[SourceQuality "1"]

1. d4 Nf6 2. Bf4 e6 3. e3 b6 4. Bd3 Bb7 5. Nd2 d5 6. c3 Nbd7 7. Ngf3 c5 8. Ne5 Bd6 9. Nxf7 Kxf7 10. Bxd6 c4 11. Bc2 b5 12. Nf3 Qb6 13. Bg3 Bc8 14. Ne5+ Ke7 15. Qf3 b4 16. 0-0 bxc3 17. b3 cxb3 18. axb3 a5 19. Rfb1 Bb7 20. Bh4 Rhf8 21. Qh5 Kd6 22. Qg5 Rg8 23. Bg3 Rac8 24. Nc4+ 1-0

[Event "Stjernen NGP B"]
[Site "Oslo"]
[Date "2018.06.09"]
[Round "4"]
[White "Skauen, Thomas Kirkholm"]
[Black "Budde, Bent Fredrik"]
[Result "1-0"]
[WhiteElo "1331"]
[BlackElo "1379"]
[PlyCount "53"]
[EventDate "2018.06.08"]
[EventType "swiss"]
[EventRounds "6"]
[EventCountry "NOR"]
[SourceTitle "EXT 2024"]
[Source "ChessBase"]
[SourceDate "2023.10.10"]
[SourceVersion "1"]
[SourceVersionDate "2023.10.10"]
[SourceQuality "1"]

1. e4 c5 2. Nf3 Nc6 3. d4 cxd4 4. Nxd4 Nf6 5. Nc3 e5 6. Nf3 Bb4 7. Qd3 0-0 8. Bg5 Be7 9. Qd2 h6 10. Bxf6 Bxf6 11. Bc4 Nd4 12. Nxd4 exd4 13. Ne2 Re8 14. f3 Qc7 15. Qd3 Qa5+ 16. Kf2 Qe5 17. Rad1 Bh4+ 18. g3 Bf6 19. Qxd4 Qh5 20. Qd5 Re5 21. Qd3 Be7 22. h4 Bc5+ 23. Kg2 d6 24. Nf4 Rd5 25. Qxd5 Qxd5 26. Nxd5 Be6 27. Nc7 1-0

[Event "NOR-ch U12"]
[Site "Tromsoe"]
[Date "2016.07.09"]
[Round "1"]
[White "Tenold, Andreas"]
[Black "Skauen, Thomas Kirkholm"]
[Result "1-0"]
[WhiteElo "1427"]
[BlackElo "605"]
[PlyCount "39"]
[EventDate "2016.07.09"]
[EventType "swiss"]
[EventRounds "9"]
[EventCountry "NOR"]
[SourceTitle "EXT 2024"]
[Source "ChessBase"]
[SourceDate "2023.10.10"]
[SourceVersion "1"]
[SourceVersionDate "2023.10.10"]
[SourceQuality "1"]

1. e4 e5 2. Nf3 Nc6 3. d4 exd4 4. Bc4 Bc5 5. Ng5 Ne5 6. Nxf7 Nxf7 7. Bxf7+ Kxf7 8. Qh5+ g6 9. Qxc5 Qe8 10. Qxd4 Nf6 11. Nc3 d6 12. Bg5 Qe5 13. Qc4+ Qe6 14. Qxc7+ Qd7 15. Qxd7+ Nxd7 16. 0-0-0 Ke6 17. Nb5 Rb8 18. Rxd6+ Ke5 19. Re1 a6 20. f4# 1-0